MARC

LEADER 00000nam0a2200000 4500
001 77761
005 20231031093339.0
035 |a (RuTPU)RU\TPU\book\83363 
090 |a 77761 
100 |a 20050527d1984 k y0rusy50 ca 
101 0 |a rus 
102 |a RU 
105 |a a z 001zy 
200 1 |a Многочастотные колебания в нелинейных системах управления  |f И. М. Сидоров, В. В. Тимофеев  
210 |a Москва  |c Наука  |d 1984 
215 |a 248 с.  |c ил. 
320 |a Библиогр.: с. 247-248 
610 1 |a автоматические системы управления 
610 1 |a нелинейные системы 
610 1 |a колебания 
610 1 |a исследования 
610 1 |a случайные процессы 
675 |a 681.511.4  |v 3 
700 1 |a Сидоров  |b И. М.  |g Игорь Михайлович 
701 1 |a Тимофеев  |b В. В.  |g Вячеслав Викторович 
801 1 |a RU  |b 63413507  |c 20050527  |g PSBO 
801 2 |a RU  |b 63413507  |c 20160919  |g PSBO 
942 |c BK